Pour supprimer ce crime (Record no. 55286)

MARC details
000 -LEADER
campo de control de longitud fija 00510nam a2200157 i 4500
001 - NÚMERO DE CONTROL
campo de control 55286
003 - IDENTIFICADOR DE NÚMERO DE CONTROL
campo de control ES-MaACL
005 - FECHA Y HORA DE LA ÚLTIMA TRANSACCIÓN
campo de control 20230906163119.0
008 - DATOS DE LONGITUD FIJA--INFORMACIÓN GENERAL
campo de control de longitud fija 030917s1931 fr |||| | fre d
100 1# - ENTRADA PRINCIPAL--NOMBRE DE PERSONA
Nombre de persona Demont, Henri.
9 (RLIN) 43663
245 10 - MENCIÓN DEL TÍTULO
Título Pour supprimer ce crime
Resto del título : la guerre /
Mención de responsabilidad, etc. plan Henri Demont de 1908 développé et proposé aux alliés en 1918.
260 ## - PUBLICACIÓN, DISTRIBUCIÓN, ETC.
Lugar de publicación, distribución, etc. Paris :
Nombre del editor, distribuidor, etc. Figiuix,
Fecha de publicación, distribución, etc. 1931.
300 ## - DESCRIPCIÓN FÍSICA
Extensión 256 p. ;
Dimensiones 19 cm.
650 04 - PUNTO DE ACCESO ADICIONAL DE MATERIA--TÉRMINO DE MATERIA
Término de materia o nombre geográfico como elemento de entrada Guerra mundial, 1914-1918-
Subdivisión general Paz.
9 (RLIN) 13225
852 ## - LOCALIZACIÓN
Ubicación ES-MaACL
Número de control de estantería F-13891
Holdings
Estatus retirado Estado de pérdida Estado de daño No para préstamo Biblioteca de origen Biblioteca actual Ubicación en estantería Fecha de adquisición Fuente de adquisición Total de préstamos Signatura topográfica completa Código de barras Visto por última vez Precio de reemplazo Tipo de ítem Koha
        Biblioteca del Ateneo de Madrid Biblioteca del Ateneo de Madrid Sala Pecera Planta 2 17/01/2008     F-13891 1058088 23/02/2023 23/02/2023 Libro impreso